Top 40 film d'après sens critique - Statistiques

Statistiques générales
  • Ce quiz a été pris 103 fois
  • Le résultat moyen est 21 sur 40
Statistiques - réponses
Hint Réponse % Correct
1994Quentin Tarantino Pulp fiction
88%
2010 Christopher Nolan Inception
85%
2014Christopher Nolan Interstellar
82%
1972Francis ford coppola Le parrain
77%
1999David fincher Fight club
72%
1995David fincher Seven
67%
1980Stanley Kubrick Shining
66%
2003Peter Jackson Le seigneur des anneaux le retour du roi
62%
2002Peter Jackson Le seigneur des anneaux les deux tours
62%
1994Robert zemeckis Forrest gump
59%
2008Christopher Nolan The dark knight
59%
1966Sergio leone Le bon la brute et le truand
58%
1990Martin Scorsese Les affranchis
58%
2001Péter jackson Le seigneur des anneaux la communauté de l'anneau
58%
1971Stanley Kubrick Orange mécanique
58%
1979Francis ford coppola Apocalypse now
54%
2000Ridley Scott Gladiator
54%
2001Hayao miyazaki Le voyage de Chihiro
53%
2010Martin Scorsese Shutter Island
53%
1968Stanley Kubrick 2001 l'odyssée de l'espace
52%
1979Ridley Scott Alien
52%
2012Quentin Tarantino Django unchained
52%
1985 Robert zemeckis Retour vers le futur
52%
1968Sergio Leone Il était une fois dans l'ouest
51%
1999Frères wachowski Matrix
49%
1999Frank darabont La ligne verte
47%
2001David lynch Mulholland drive
45%
1984Sergio leone Il était une fois en Amérique
43%
1997Hayao miyazaki Princesse mononoke
43%
1994Frank darabont Les évadés
40%
1982Ridley scott Blade runner
39%
1975Miles forman Vol au dessus d'un nid de coucou
39%
1957Sydney lumet 12 hommes en colère
35%
2003Park chan wook Old boy
33%
1975Stanley Kubrick Barry lyndon
29%
2004Michel gondry Eternal sunshine of the spotless mind
29%
1998Freres coen The big lebowski
29%
2011Nicolas winding refn Drive
26%
1980Irvin kershner L'empire contre-attaque
22%
2007 Sean penn Into the wild
21%
Aucun quiz correspondant
Distribution des résultats
% des personnes avec chaque résultat
Percentile par nombre de réponses
Votre historique - résultats
Vous n’avez pas pris ce quiz